[Event "Deutsche Ländermeisterschaft 2021"]
[Site "Neumünster GER"]
[Date "2021.10.02"]
[Round "2"]
[White "Großmann, Piet"]
[Black "Weihrauch, Jakob"]
[Result "0-1"]
[Termination "normal"]
[Board "6.2"]
[WhiteElo "1953"]
[BlackElo "2114"]
[WhiteClock "00:13:24"]
[BlackClock "00:06:02"]
[WhiteTeam "Mecklenburg-Vorpommern"]
[BlackTeam "Hamburg"]
[PlyCount "128"]
[WhiteFideId "16234359"]
[BlackFideId "16210115"]
[EventCountry "GER"]
[EventRounds "7"]
[EventType "team-swiss"]
[EventDate "2021.10.01"]

1. e4 {[%clk 1:30:56]} e5 {[%clk 1:30:45]} 2. Nf3 {[%clk 1:31:10]} Nc6 {[%clk
1:31:08]} 3. d4 {[%clk 1:30:53]} exd4 {[%clk 1:31:29]} 4. Nxd4 {[%clk 1:31:17]}
Qf6 {[%clk 1:31:51]} 5. Be3 {[%clk 1:30:17]} Bc5 {[%clk 1:32:16]} 6. c3 {[%clk
1:30:43]} Nge7 {[%clk 1:32:38]} 7. Bc4 {[%clk 1:30:51]} Ne5 {[%clk 1:32:58]} 8.
Be2 {[%clk 1:31:15]} Qg6 {[%clk 1:33:17]} 9. O-O {[%clk 1:29:54]} d6 {[%clk
1:27:40]} 10. f3 {[%clk 1:18:46]} O-O {[%clk 1:27:47]} 11. Kh1 {[%clk 1:18:14]}
Kh8 {[%clk 1:19:58]} 12. Nd2 {[%clk 1:14:47]} f5 {[%clk 1:19:19]} 13. b4 {[%clk
1:04:49]} Bb6 {[%clk 1:15:48]} 14. exf5 {[%clk 1:03:44]} Nxf5 {[%clk 1:15:57]}
15. Nxf5 {[%clk 1:03:59]} Bxf5 {[%clk 1:15:54]} 16. Bxb6 {[%clk 1:03:40]} axb6
{[%clk 1:16:10]} 17. Nc4 {[%clk 1:02:33]} Nxc4 {[%clk 1:04:40]} 18. Bxc4 {[%clk
1:02:58]} c6 {[%clk 0:52:46]} 19. Re1 {[%clk 0:58:41]} d5 {[%clk 0:50:35]} 20.
Bf1 {[%clk 0:57:31]} Qd6 {[%clk 0:42:21]} 21. Bd3 {[%clk 0:53:33]} Bd7 {[%clk
0:41:00]} 22. Qd2 {[%clk 0:48:14]} Rf6 {[%clk 0:37:47]} 23. Re2 {[%clk
0:45:13]} Rh6 {[%clk 0:35:28]} 24. f4 {[%clk 0:45:17]} Rf6 {[%clk 0:32:54]} 25.
Rf1 {[%clk 0:43:45]} Raf8 {[%clk 0:27:37]} 26. Ref2 {[%clk 0:40:47]} c5 {[%clk
0:26:33]} 27. a3 {[%clk 0:20:04]} Ra8 {[%clk 0:24:48]} 28. Ra1 {[%clk 0:20:21]}
d4 {[%clk 0:22:22]} 29. Bc2 {[%clk 0:17:48]} dxc3 {[%clk 0:20:53]} 30. Qxc3
{[%clk 0:17:40]} cxb4 {[%clk 0:18:28]} 31. axb4 {[%clk 0:17:54]} Rxa1+ 32. Qxa1
Qxb4 {[%clk 0:17:37]} 33. Bd3 {[%clk 0:07:55]} Bc6 {[%clk 0:13:24]} 34. h3
{[%clk 0:02:47]} Qd6 {[%clk 0:09:11]} 35. Bc2 {[%clk 0:02:50]} b5 {[%clk
0:08:32]} 36. Rf1 {[%clk 0:00:54]} Rf8 {[%clk 0:07:11]} 37. Rf2 {[%clk
0:00:42]} Qc5 {[%clk 0:07:28]} 38. Rd2 {[%clk 0:00:32]} Qe3 {[%clk 0:07:11]}
39. Qd4 {[%clk 0:00:34]} Qxh3+ {[%clk 0:06:40]} 40. Kg1 {[%clk 0:00:58]} Qe6
{[%clk 0:02:56]} 41. Rd3 {[%clk 0:23:16]} Qe1+ {[%clk 0:22:59]} 42. Kh2 {[%clk
0:23:35]} Qh4+ {[%clk 0:19:10]} 43. Kg1 {[%clk 0:23:37]} Qg4 {[%clk 0:16:11]}
44. Rd2 {[%clk 0:23:43]} Re8 {[%clk 0:15:56]} 45. Bd3 {[%clk 0:22:35]} Qg3
{[%clk 0:13:41]} 46. Bf1 {[%clk 0:21:23]} Qe3+ {[%clk 0:07:36]} 47. Qxe3 {[%clk
0:21:38]} Rxe3 {[%clk 0:08:05]} 48. Rd8+ {[%clk 0:18:15]} Re8 {[%clk 0:08:26]}
49. Rxe8+ {[%clk 0:18:35]} Bxe8 {[%clk 0:08:55]} 50. Kf2 {[%clk 0:18:41]} Kg8
{[%clk 0:08:43]} 51. Ke3 {[%clk 0:19:06]} b4 {[%clk 0:07:21]} 52. Kd4 {[%clk
0:19:14]} Bf7 {[%clk 0:06:02]} 53. Bd3 {[%clk 0:19:20]} b3 {[%clk 0:04:48]} 54.
Kc5 {[%clk 0:18:42]} Kf8 {[%clk 0:04:21]} 55. g3 {[%clk 0:14:55]} Bh5 {[%clk
0:03:51]} 56. Kd4 {[%clk 0:12:57]} Bd1 {[%clk 0:04:14]} 57. Kc3 {[%clk
0:13:17]} Bc2 {[%clk 0:04:39]} 58. Be2 {[%clk 0:13:29]} Ke7 {[%clk 0:04:52]}
59. Bg4 {[%clk 0:13:30]} Kd6 {[%clk 0:05:04]} 60. Bf3 {[%clk 0:13:34]} b5
{[%clk 0:05:22]} 61. Be2 {[%clk 0:13:31]} Kc5 {[%clk 0:05:18]} 62. Bg4 {[%clk
0:13:20]} b4+ {[%clk 0:05:38]} 63. Kb2 {[%clk 0:13:43]} Kd4 {[%clk 0:05:43]}
64. Be6 {[%clk 0:13:24]} Ke3 {[%clk 0:06:02]} 0-1

[Event "Deutsche Ländermeisterschaft 2021"]
[Site "Neumünster GER"]
[Date "2021.10.02"]
[Round "2"]
[White "Popist, Florian"]
[Black "Tovmasyan, Minas"]
[Result "1/2-1/2"]
[Termination "normal"]
[Board "6.3"]
[WhiteElo "2124"]
[BlackElo "1820"]
[WhiteClock "00:10:09"]
[BlackClock "00:01:25"]
[WhiteTeam "Hamburg"]
[BlackTeam "Mecklenburg-Vorpommern"]
[PlyCount "70"]
[WhiteFideId "16203518"]
[BlackFideId "16247620"]
[EventCountry "GER"]
[EventRounds "7"]
[EventType "team-swiss"]
[EventDate "2021.10.01"]

1. e4 {[%clk 1:30:55]} c5 {[%clk 1:30:37]} 2. Nc3 {[%clk 1:31:17]} e6 {[%clk
1:31:01]} 3. f4 {[%clk 1:31:35]} d5 {[%clk 1:30:01]} 4. Nf3 {[%clk 1:31:32]}
Nc6 {[%clk 1:30:19]} 5. Bb5 {[%clk 1:30:41]} Nge7 {[%clk 1:30:19]} 6. Ne5
{[%clk 1:23:10]} Bd7 {[%clk 1:17:55]} 7. Nxd7 {[%clk 1:17:16]} Qxd7 {[%clk
1:18:17]} 8. Bxc6 {[%clk 1:14:42]} Nxc6 {[%clk 1:17:21]} 9. e5 {[%clk 1:14:36]}
Be7 {[%clk 1:15:16]} 10. O-O {[%clk 1:14:50]} O-O-O {[%clk 1:09:36]} 11. a3
{[%clk 1:12:19]} f6 {[%clk 1:02:29]} 12. exf6 {[%clk 1:08:11]} Bxf6 {[%clk
0:59:37]} 13. b4 {[%clk 1:04:07]} cxb4 {[%clk 0:36:12]} 14. axb4 {[%clk
1:01:30]} Nxb4 {[%clk 0:35:39]} 15. Ba3 {[%clk 0:55:03]} Na6 {[%clk 0:32:01]}
16. Qe2 {[%clk 0:50:06]} Rhe8 {[%clk 0:25:27]} 17. Rfb1 {[%clk 0:46:59]} Bd4+
{[%clk 0:21:07]} 18. Kh1 {[%clk 0:47:08]} Bxc3 {[%clk 0:20:01]} 19. dxc3 {[%clk
0:47:35]} Qc7 {[%clk 0:11:34]} 20. Qe3 {[%clk 0:40:12]} b6 {[%clk 0:09:11]} 21.
Bb2 {[%clk 0:29:03]} Nb8 {[%clk 0:06:31]} 22. c4 {[%clk 0:29:07]} Nd7 {[%clk
0:01:15]} 23. Ra6 {[%clk 0:21:55]} Nc5 {[%clk 0:00:54]} 24. Ra3 {[%clk
0:22:16]} dxc4 {[%clk 0:00:33]} 25. Be5 {[%clk 0:21:59]} Qb7 26. h3 {[%clk
0:19:14]} Rd7 {[%clk 0:00:58]} 27. Ra5 {[%clk 0:14:33]} Rd5 {[%clk 0:00:43]}
28. Qa3 {[%clk 0:12:03]} a6 {[%clk 0:00:33]} 29. Qa2 {[%clk 0:10:30]} Red8
{[%clk 0:00:55]} 30. Qxc4 {[%clk 0:09:01]} Rd1+ {[%clk 0:00:58]} 31. Kh2 {[%clk
0:09:29]} Rxb1 {[%clk 0:00:33]} 32. Rxc5+ {[%clk 0:09:49]} bxc5 {[%clk
0:00:35]} 33. Qxe6+ {[%clk 0:09:24]} Rd7 {[%clk 0:00:35]} 34. Qe8+ {[%clk
0:09:44]} Rd8 {[%clk 0:00:59]} 35. Qe6+ {[%clk 0:10:09]} Rd7 {[%clk 0:01:25]}
1/2-1/2

[Event "Deutsche Ländermeisterschaft 2021"]
[Site "Neumünster GER"]
[Date "2021.10.02"]
[Round "2"]
[White "Schott, Andy"]
[Black "Hubert, Charlotte"]
[Result "1-0"]
[Termination "normal"]
[Board "6.4"]
[WhiteElo "1504"]
[BlackElo "1696"]
[WhiteClock "00:00:33"]
[BlackClock "00:00:34"]
[WhiteTeam "Mecklenburg-Vorpommern"]
[BlackTeam "Hamburg"]
[PlyCount "67"]
[WhiteFideId "16244940"]
[BlackFideId "16265920"]
[EventCountry "GER"]
[EventRounds "7"]
[EventType "team-swiss"]
[EventDate "2021.10.01"]

1. c4 {[%clk 1:30:54]} c5 {[%clk 1:30:53]} 2. g3 {[%clk 1:31:20]} g6 {[%clk
1:31:10]} 3. Bg2 {[%clk 1:31:43]} Bg7 {[%clk 1:31:30]} 4. Nc3 {[%clk 1:32:06]}
Nc6 {[%clk 1:31:46]} 5. a3 {[%clk 1:32:29]} e6 {[%clk 1:31:54]} 6. Rb1 {[%clk
1:31:50]} Nge7 {[%clk 1:31:48]} 7. b4 {[%clk 1:30:51]} cxb4 {[%clk 1:31:05]} 8.
axb4 {[%clk 1:31:11]} O-O {[%clk 1:31:03]} 9. Nf3 {[%clk 1:31:18]} d5 {[%clk
1:30:47]} 10. cxd5 {[%clk 1:28:20]} exd5 {[%clk 1:30:33]} 11. Qb3 {[%clk
1:20:58]} Bf5 {[%clk 1:22:30]} 12. d3 {[%clk 1:19:53]} Rc8 {[%clk 1:13:02]} 13.
Bb2 {[%clk 1:12:01]} d4 {[%clk 1:03:03]} 14. Na2 {[%clk 0:50:40]} Be6 {[%clk
0:57:30]} 15. Qa3 {[%clk 0:47:52]} Bxa2 {[%clk 0:45:50]} 16. Qxa2 {[%clk
0:48:11]} Nxb4 {[%clk 0:43:10]} 17. Qxa7 {[%clk 0:46:44]} Nec6 {[%clk 0:29:03]}
18. Qa4 {[%clk 0:38:03]} Re8 {[%clk 0:26:49]} 19. Qd1 {[%clk 0:18:44]} Qe7
{[%clk 0:14:55]} 20. Ba3 {[%clk 0:12:30]} Ra8 {[%clk 0:13:21]} 21. Bxb4 {[%clk
0:08:40]} Nxb4 {[%clk 0:13:39]} 22. O-O {[%clk 0:07:01]} Na2 {[%clk 0:10:56]}
23. Rb6 {[%clk 0:01:07]} Nc3 {[%clk 0:09:41]} 24. Qb3 {[%clk 0:01:25]} Ra3
{[%clk 0:06:02]} 25. Qb2 {[%clk 0:00:40]} Nxe2+ {[%clk 0:05:00]} 26. Kh1 {[%clk
0:01:09]} Rxd3 {[%clk 0:02:02]} 27. Rxb7 {[%clk 0:00:58]} Qa3 {[%clk 0:01:35]}
28. Qb5 {[%clk 0:00:35]} Re6 {[%clk 0:00:48]} 29. Ng5 {[%clk 0:00:34]} Re7
{[%clk 0:00:34]} 30. Rb8+ {[%clk 0:00:34]} Bf8 {[%clk 0:00:53]} 31. Bd5 {[%clk
0:00:32]} Rd2 {[%clk 0:00:37]} 32. Nxf7 {[%clk 0:00:32]} Rxf7 {[%clk 0:00:46]}
33. Qe8 {[%clk 0:00:33]} Kg7 {[%clk 0:00:34]} 34. Qxf7+ 1-0

[Event "Deutsche Ländermeisterschaft 2021"]
[Site "Neumünster GER"]
[Date "2021.10.02"]
[Round "2"]
[White "Fuhrmann, Bahne"]
[Black "Herrmann, Jakob"]
[Result "1-0"]
[Termination "normal"]
[Board "6.5"]
[WhiteElo "1820"]
[BlackElo "1538"]
[WhiteClock "00:32:07"]
[BlackClock "00:26:41"]
[WhiteTeam "Hamburg"]
[BlackTeam "Mecklenburg-Vorpommern"]
[PlyCount "145"]
[WhiteFideId "16244842"]
[BlackFideId "16287169"]
[EventCountry "GER"]
[EventRounds "7"]
[EventType "team-swiss"]
[EventDate "2021.10.01"]

1. e4 {[%clk 1:30:58]} c6 {[%clk 1:30:46]} 2. Nf3 {[%clk 1:31:12]} d5 {[%clk
1:31:07]} 3. d3 {[%clk 1:31:39]} dxe4 {[%clk 1:30:49]} 4. dxe4 {[%clk 1:32:04]}
Qxd1+ {[%clk 1:31:12]} 5. Kxd1 {[%clk 1:32:31]} Nf6 {[%clk 1:31:22]} 6. Nbd2
{[%clk 1:32:02]} Bg4 {[%clk 1:29:58]} 7. Be2 {[%clk 1:30:58]} Nbd7 {[%clk
1:29:11]} 8. h3 {[%clk 1:29:01]} Bxf3 {[%clk 1:25:04]} 9. gxf3 {[%clk 1:28:38]}
O-O-O {[%clk 1:24:19]} 10. c3 {[%clk 1:27:16]} e6 {[%clk 1:21:30]} 11. b4
{[%clk 1:25:47]} Ne5 {[%clk 1:19:30]} 12. Kc2 {[%clk 1:25:41]} Nh5 {[%clk
1:16:12]} 13. Nb3 {[%clk 1:21:02]} Ng6 {[%clk 1:14:50]} 14. Re1 {[%clk
1:21:04]} Nhf4 {[%clk 1:14:13]} 15. Bf1 {[%clk 1:21:08]} e5 {[%clk 1:10:01]}
16. Be3 {[%clk 1:19:23]} b6 {[%clk 1:08:53]} 17. a4 {[%clk 1:14:02]} Nh4 {[%clk
1:05:46]} 18. a5 {[%clk 1:09:18]} Nfg2 {[%clk 0:55:36]} 19. Bxg2 {[%clk
0:52:58]} Nxg2 {[%clk 0:56:05]} 20. Red1 {[%clk 0:51:58]} Nxe3+ {[%clk
0:56:16]} 21. fxe3 {[%clk 0:52:22]} Be7 {[%clk 0:55:18]} 22. Nd2 {[%clk
0:49:37]} b5 {[%clk 0:53:58]} 23. Rg1 {[%clk 0:48:40]} Rhg8 {[%clk 0:51:17]}
24. f4 {[%clk 0:47:58]} Bd6 {[%clk 0:49:33]} 25. Raf1 {[%clk 0:47:20]} Rd7
{[%clk 0:46:33]} 26. Nf3 {[%clk 0:46:41]} f6 {[%clk 0:43:22]} 27. Nh4 {[%clk
0:45:48]} Rgd8 {[%clk 0:40:30]} 28. Rg2 {[%clk 0:44:35]} g6 {[%clk 0:38:02]}
29. Nf3 {[%clk 0:43:53]} Kb7 {[%clk 0:36:14]} 30. Nh2 {[%clk 0:43:08]} Re7
{[%clk 0:34:11]} 31. f5 {[%clk 0:41:54]} g5 {[%clk 0:31:30]} 32. h4 {[%clk
0:41:09]} gxh4 {[%clk 0:30:29]} 33. Rg4 {[%clk 0:39:19]} Rdd7 {[%clk 0:27:59]}
34. Rxh4 {[%clk 0:39:10]} Rg7 {[%clk 0:27:41]} 35. Ng4 {[%clk 0:37:12]} Rdf7
{[%clk 0:26:47]} 36. Rd1 {[%clk 0:34:50]} Kc7 {[%clk 0:26:47]} 37. Kb3 {[%clk
0:29:00]} a6 {[%clk 0:17:48]} 38. Rg1 {[%clk 0:26:38]} Rf8 {[%clk 0:13:32]} 39.
Rgh1 {[%clk 0:22:03]} Rff7 {[%clk 0:11:56]} 40. Nf2 {[%clk 0:20:58]} Rd7 {[%clk
0:11:12]} 41. Rh6 {[%clk 0:20:24]} Rdf7 {[%clk 0:11:16]} 42. Nd3 {[%clk
0:17:37]} Kb7 {[%clk 0:09:56]} 43. Rd1 {[%clk 0:15:57]} Kc7 {[%clk 0:10:05]}
44. Nc5 {[%clk 0:14:37]} Bxc5 {[%clk 0:10:02]} 45. bxc5 {[%clk 0:15:00]} Rg8
{[%clk 0:09:52]} 46. Rd6 {[%clk 0:15:20]} Rgf8 {[%clk 0:10:05]} 47. Kb4 {[%clk
0:15:18]} Kb7 {[%clk 0:10:14]} 48. c4 {[%clk 0:14:55]} bxc4 {[%clk 0:10:13]}
49. Kxc4 {[%clk 0:15:20]} Kc7 {[%clk 0:10:31]} 50. Kc3 {[%clk 0:15:27]} Kb7
{[%clk 0:10:11]} 51. Rh2 {[%clk 0:15:44]} Kc7 {[%clk 0:06:08]} 52. Rb2 {[%clk
0:15:29]} Rd7 {[%clk 0:05:52]} 53. Rb7+ {[%clk 0:13:57]} Kxb7 {[%clk 0:06:17]}
54. Rxd7+ {[%clk 0:14:21]} Kc8 {[%clk 0:06:44]} 55. Rxh7 {[%clk 0:14:25]} Kb8
{[%clk 0:07:00]} 56. Re7 {[%clk 0:13:59]} Kc8 {[%clk 0:05:24]} 57. Ra7 {[%clk
0:14:01]} Kb8 {[%clk 0:05:42]} 58. Rxa6 {[%clk 0:14:19]} Kb7 {[%clk 0:06:03]}
59. Rb6+ {[%clk 0:14:44]} Kc7 {[%clk 0:06:30]} 60. a6 {[%clk 0:14:42]} Rb8
{[%clk 0:04:17]} 61. a7 {[%clk 0:05:59]} Ra8 {[%clk 0:02:42]} 62. Ra6 {[%clk
0:06:22]} Kb7 {[%clk 0:02:44]} 63. Ra1 {[%clk 0:06:07]} Rxa7 {[%clk 0:02:45]}
64. Rg1 {[%clk 0:06:28]} Ka6 {[%clk 0:01:34]} 65. Ra1+ {[%clk 0:04:01]} Kb7
{[%clk 0:01:57]} 66. Rb1+ {[%clk 0:04:21]} Kc8 {[%clk 0:01:13]} 67. Rd1 {[%clk
0:02:51]} Rd7 {[%clk 0:01:02]} 68. Rh1 {[%clk 0:02:39]} Kc7 {[%clk 0:29:35]}
69. Rh8 {[%clk 0:32:55]} Rf7 {[%clk 0:29:53]} 70. Re8 {[%clk 0:32:47]} Kd7
{[%clk 0:28:19]} 71. Ra8 {[%clk 0:32:00]} Ke7 {[%clk 0:28:35]} 72. Kb4 {[%clk
0:31:48]} Rg7 {[%clk 0:26:41]} 73. Ra7+ {[%clk 0:32:07]} 1-0

[Event "Deutsche Ländermeisterschaft 2021"]
[Site "Neumünster GER"]
[Date "2021.10.02"]
[Round "2"]
[White "Müller, Sophie Charlotte"]
[Black "Wartenberg, Alissa"]
[Result "0-1"]
[Termination "normal"]
[Board "6.6"]
[WhiteElo "1554"]
[BlackElo "1662"]
[WhiteClock "00:04:27"]
[BlackClock "00:39:19"]
[WhiteTeam "Mecklenburg-Vorpommern"]
[BlackTeam "Hamburg"]
[PlyCount "68"]
[WhiteFideId "16246683"]
[BlackFideId "16280741"]
[EventCountry "GER"]
[EventRounds "7"]
[EventType "team-swiss"]
[EventDate "2021.10.01"]

1. d4 {[%clk 1:30:57]} d5 {[%clk 1:30:55]} 2. c4 {[%clk 1:31:23]} c6 {[%clk
1:31:21]} 3. Nc3 {[%clk 1:31:47]} Nf6 {[%clk 1:31:45]} 4. cxd5 {[%clk 1:32:07]}
cxd5 {[%clk 1:32:11]} 5. Bg5 {[%clk 1:32:28]} Nc6 {[%clk 1:31:12]} 6. e3 {[%clk
1:32:29]} e6 {[%clk 1:30:50]} 7. Nf3 {[%clk 1:32:08]} Be7 {[%clk 1:30:32]} 8.
Bd3 {[%clk 1:32:17]} O-O {[%clk 1:30:06]} 9. O-O {[%clk 1:32:39]} b6 {[%clk
1:28:55]} 10. Rc1 {[%clk 1:32:31]} Bb7 {[%clk 1:29:09]} 11. Qe2 {[%clk
1:31:30]} h6 {[%clk 1:26:42]} 12. Bh4 {[%clk 1:30:59]} Rc8 {[%clk 1:26:20]} 13.
Ne5 {[%clk 1:29:28]} Nxe5 {[%clk 1:25:47]} 14. dxe5 {[%clk 1:29:53]} Nd7 {[%clk
1:25:58]} 15. Bxe7 {[%clk 1:29:29]} Qxe7 {[%clk 1:26:23]} 16. f4 {[%clk
1:29:14]} f6 {[%clk 1:22:19]} 17. exf6 {[%clk 1:28:45]} Nxf6 {[%clk 1:22:31]}
18. g4 {[%clk 1:16:23]} Nd7 {[%clk 1:16:36]} 19. Nb5 {[%clk 1:06:49]} a6 {[%clk
1:10:42]} 20. Rxc8 {[%clk 1:06:17]} Rxc8 {[%clk 1:10:56]} 21. Nd4 {[%clk
1:05:32]} a5 {[%clk 1:07:06]} 22. f5 {[%clk 0:52:10]} e5 {[%clk 1:03:54]} 23.
Ne6 {[%clk 0:49:44]} Nc5 {[%clk 1:00:59]} 24. Bb1 {[%clk 0:46:28]} Re8 {[%clk
0:59:35]} 25. g5 {[%clk 0:33:26]} Nxe6 {[%clk 0:58:20]} 26. fxe6 {[%clk
0:32:49]} Qxe6 {[%clk 0:58:26]} 27. Qh5 {[%clk 0:30:27]} e4 {[%clk 0:51:09]}
28. gxh6 {[%clk 0:16:43]} gxh6 {[%clk 0:45:02]} 29. Rf2 {[%clk 0:15:50]} Re7
{[%clk 0:40:54]} 30. a3 {[%clk 0:13:33]} Rg7+ {[%clk 0:41:04]} 31. Kf1 {[%clk
0:13:44]} Qg4 {[%clk 0:40:01]} 32. Qe8+ {[%clk 0:05:05]} Kh7 {[%clk 0:40:16]}
33. Rf7 {[%clk 0:05:09]} Ba6+ {[%clk 0:39:19]} 34. Ke1 {[%clk 0:04:27]} Qe2#
0-1

[Event "Deutsche Ländermeisterschaft 2021"]
[Site "Neumünster GER"]
[Date "2021.10.02"]
[Round "2"]
[White "Dorendorf, Mika"]
[Black "Khanbekyan, Nare"]
[Result "1-0"]
[Termination "normal"]
[Board "6.7"]
[WhiteElo "1528"]
[BlackElo "1252"]
[WhiteClock "01:39:15"]
[BlackClock "01:14:16"]
[WhiteTeam "Hamburg"]
[BlackTeam "Mecklenburg-Vorpommern"]
[PlyCount "81"]
[WhiteFideId "16283066"]
[BlackFideId "16270916"]
[EventCountry "GER"]
[EventRounds "7"]
[EventType "team-swiss"]
[EventDate "2021.10.01"]

1. d4 {[%clk 1:30:58]} Nf6 {[%clk 1:30:53]} 2. c4 {[%clk 1:31:25]} e6 {[%clk
1:31:14]} 3. Nc3 {[%clk 1:31:52]} b6 {[%clk 1:31:29]} 4. g3 {[%clk 1:32:00]}
Bb7 {[%clk 1:31:11]} 5. Nf3 {[%clk 1:32:24]} Bb4 {[%clk 1:31:23]} 6. a3 {[%clk
1:32:32]} Bxc3+ {[%clk 1:31:17]} 7. bxc3 {[%clk 1:32:23]} O-O {[%clk 1:31:24]}
8. Bg2 {[%clk 1:32:34]} d5 {[%clk 1:31:29]} 9. cxd5 {[%clk 1:32:33]} Nxd5
{[%clk 1:31:24]} 10. Qc2 {[%clk 1:32:43]} Nd7 {[%clk 1:30:35]} 11. e4 {[%clk
1:32:37]} N5f6 {[%clk 1:30:30]} 12. e5 {[%clk 1:32:40]} Nd5 {[%clk 1:26:38]}
13. c4 {[%clk 1:32:36]} Ne7 {[%clk 1:25:59]} 14. Ng5 {[%clk 1:32:57]} f5 {[%clk
1:22:05]} 15. Bxb7 {[%clk 1:32:43]} Rb8 {[%clk 1:21:29]} 16. Nxe6 {[%clk
1:32:43]} Qe8 {[%clk 1:21:34]} 17. Nxf8 {[%clk 1:32:44]} Rxb7 {[%clk 1:21:10]}
18. Nxd7 {[%clk 1:32:59]} Qxd7 {[%clk 1:21:33]} 19. d5 {[%clk 1:33:02]} c6
{[%clk 1:20:42]} 20. e6 {[%clk 1:33:10]} Qd6 {[%clk 1:20:35]} 21. Bf4 {[%clk
1:33:33]} Qd8 {[%clk 1:15:44]} 22. d6 {[%clk 1:33:40]} Ng6 {[%clk 1:13:52]} 23.
Qxf5 {[%clk 1:33:15]} Nxf4 {[%clk 1:12:56]} 24. Qxf4 {[%clk 1:33:27]} Qe8
{[%clk 1:13:09]} 25. e7 {[%clk 1:33:28]} Rd7 {[%clk 1:13:06]} 26. O-O {[%clk
1:33:39]} b5 {[%clk 1:12:33]} 27. cxb5 {[%clk 1:33:55]} cxb5 {[%clk 1:12:57]}
28. Rad1 {[%clk 1:34:08]} h6 {[%clk 1:13:00]} 29. Qg4 {[%clk 1:34:31]} a6
{[%clk 1:12:42]} 30. Qxd7 {[%clk 1:34:53]} Qxd7 {[%clk 1:12:49]} 31. Rfe1
{[%clk 1:35:21]} Kf7 {[%clk 1:13:03]} 32. e8=Q+ {[%clk 1:35:40]} Qxe8 {[%clk
1:13:23]} 33. Rxe8 {[%clk 1:35:55]} Kxe8 {[%clk 1:13:51]} 34. d7+ {[%clk
1:36:15]} Kd8 {[%clk 1:14:13]} 35. Kg2 {[%clk 1:36:41]} a5 {[%clk 1:13:20]} 36.
Kf3 {[%clk 1:37:06]} b4 {[%clk 1:13:41]} 37. axb4 {[%clk 1:37:31]} axb4 {[%clk
1:14:02]} 38. Ke4 {[%clk 1:38:00]} b3 {[%clk 1:14:27]} 39. Ke5 {[%clk 1:38:25]}
b2 {[%clk 1:14:36]} 40. Kd6 {[%clk 1:38:51]} g5 {[%clk 1:14:16]} 41. Re1 {[%clk
1:39:15]} 1-0

[Event "Deutsche Ländermeisterschaft 2021"]
[Site "Neumünster GER"]
[Date "2021.10.02"]
[Round "2"]
[White "Chandrasekher, Ritu"]
[Black "Stas, Antonia"]
[Result "1-0"]
[Termination "normal"]
[Board "6.8"]
[WhiteElo "1307"]
[BlackElo "1294"]
[WhiteClock "01:16:35"]
[BlackClock "01:04:46"]
[WhiteTeam "Mecklenburg-Vorpommern"]
[BlackTeam "Hamburg"]
[PlyCount "111"]
[WhiteFideId "34609024"]
[BlackFideId "16217403"]
[EventCountry "GER"]
[EventRounds "7"]
[EventType "team-swiss"]
[EventDate "2021.10.01"]

1. e4 {[%clk 1:30:57]} e5 {[%clk 1:30:52]} 2. Nf3 {[%clk 1:31:22]} Nc6 {[%clk
1:30:52]} 3. Bc4 {[%clk 1:32:07]} Bc5 {[%clk 1:30:55]} 4. O-O d6 {[%clk
1:30:56]} 5. d3 {[%clk 1:32:29]} Bg4 {[%clk 1:30:58]} 6. h3 {[%clk 1:32:47]}
Bh5 {[%clk 1:31:14]} 7. Nbd2 {[%clk 1:33:03]} Nf6 {[%clk 1:28:36]} 8. c3 {[%clk
1:32:36]} Bb6 {[%clk 1:27:19]} 9. Re1 {[%clk 1:30:40]} Qe7 10. Nf1 {[%clk
1:30:42]} a6 {[%clk 1:21:56]} 11. Ng3 {[%clk 1:30:32]} Bg6 {[%clk 1:20:13]} 12.
Be3 O-O-O {[%clk 1:19:33]} 13. Bxb6 {[%clk 1:30:48]} cxb6 {[%clk 1:19:52]} 14.
Qb3 {[%clk 1:31:03]} d5 {[%clk 1:19:03]} 15. exd5 {[%clk 1:30:03]} Nxd5 {[%clk
1:19:24]} 16. Bxd5 {[%clk 1:28:23]} Rxd5 {[%clk 1:19:42]} 17. Qxd5 {[%clk
1:28:07]} f6 {[%clk 1:19:11]} 18. d4 {[%clk 1:27:45]} Rd8 {[%clk 1:18:39]} 19.
Qc4 {[%clk 1:27:13]} b5 {[%clk 1:16:37]} 20. Qe2 {[%clk 1:26:09]} Re8 {[%clk
1:15:18]} 21. Rad1 {[%clk 1:25:12]} e4 {[%clk 1:13:25]} 22. Nd2 {[%clk
1:23:41]} f5 {[%clk 1:12:51]} 23. Nb3 {[%clk 1:20:08]} Qd7 {[%clk 1:07:41]} 24.
d5 {[%clk 1:18:08]} Ne7 {[%clk 1:07:41]} 25. c4 {[%clk 1:17:47]} bxc4 {[%clk
1:06:35]} 26. Qxc4+ {[%clk 1:17:59]} Kb8 {[%clk 1:06:51]} 27. Nc5 {[%clk
1:17:18]} Qd6 {[%clk 1:05:16]} 28. Rc1 {[%clk 1:17:16]} Qxd5 {[%clk 1:03:53]}
29. Red1 {[%clk 1:16:02]} Qxc4 {[%clk 1:02:46]} 30. Rxc4 {[%clk 1:16:19]} Rc8
{[%clk 1:03:01]} 31. Rdc1 {[%clk 1:15:58]} Bf7 {[%clk 1:02:55]} 32. Nd7+ {[%clk
1:15:59]} Ka7 {[%clk 1:03:00]} 33. Rxc8 {[%clk 1:16:07]} Nxc8 {[%clk 1:03:22]}
34. Rxc8 {[%clk 1:16:25]} Be6 {[%clk 1:03:01]} 35. Rd8 {[%clk 1:15:37]} Bxa2
{[%clk 1:02:30]} 36. Nxf5 {[%clk 1:15:48]} g6 {[%clk 1:02:28]} 37. Nd6 {[%clk
1:15:27]} Bd5 {[%clk 1:02:24]} 38. Nf6 {[%clk 1:15:15]} Bc6 {[%clk 1:02:14]}
39. Nfxe4 {[%clk 1:14:56]} Bxe4 {[%clk 1:02:24]} 40. Nxe4 {[%clk 1:15:16]} Kb6
{[%clk 1:02:46]} 41. Rd5 {[%clk 1:15:12]} Kc6 {[%clk 1:03:00]} 42. Ra5 {[%clk
1:15:19]} Kc7 {[%clk 1:02:44]} 43. f4 h6 44. Kf2 {[%clk 1:14:48]} h5 {[%clk
1:02:46]} 45. Ke3 {[%clk 1:15:00]} h4 {[%clk 1:02:44]} 46. Kd4 {[%clk 1:15:17]}
Kb6 {[%clk 1:02:51]} 47. b4 {[%clk 1:15:37]} Kc7 {[%clk 1:03:08]} 48. Rg5
{[%clk 1:15:29]} Kb6 {[%clk 1:03:04]} 49. Nc3 {[%clk 1:15:14]} Ka7 {[%clk
1:03:12]} 50. Rxg6 {[%clk 1:15:24]} b6 {[%clk 1:03:34]} 51. Rg7+ {[%clk
1:15:41]} Kb8 {[%clk 1:03:49]} 52. Kd5 {[%clk 1:15:55]} a5 {[%clk 1:04:03]} 53.
bxa5 {[%clk 1:15:47]} bxa5 {[%clk 1:04:26]} 54. Kc6 {[%clk 1:16:13]} Ka8 {[%clk
1:04:29]} 55. Kb6 {[%clk 1:16:16]} a4 {[%clk 1:04:46]} 56. Rg8# {[%clk
1:16:35]} 1-0